The given sacrifice /
Rudi Mackenzie has won the battle that expelled the enemy from the new High Kingdom of Montival. Now he must free the people who live in the state once known as Idaho from occupation by the legions of the Church Universal and Triumphant and pursue them to their lair over the mountains. There he will...
| Main Author: | |
|---|---|
| Format: | Book |
| Language: | English |
| Published: |
New York, New York :
Roc,
[2013]
©2013. |
| Series: | Stirling, S. M. Novels of the Change.
|
| Subjects: |
MARC
| Tag | First Indicator | Second Indicator | Subfields |
|---|---|---|---|
| LEADER | 00000cam a22000008i 4500 | ||
| 001 | in00003391863 | ||
| 005 | 20151206084838.0 | ||
| 008 | 130425t2013 nyub 000 1 eng | ||
| 010 | |a 2013016134 | ||
| 020 | |a 9780451417312 | ||
| 020 | |a 0451417313 | ||
| 035 | |a (OCoLC)ocn841212643 | ||
| 040 | |a DLC |b eng |e rda |c DLC |d OCLCQ |d UPZ |d IEB |d OI6 |d OCO |d IH7 |d VP@ |d PLF |d UtOrBLW | ||
| 042 | |a pcc | ||
| 049 | |a TXAM | ||
| 050 | 0 | 0 | |a PS3569.T543 |b G58 2013 |
| 082 | 0 | 0 | |a 813/.54 |2 23 |
| 100 | 1 | |a Stirling, S. M. | |
| 245 | 1 | 4 | |a The given sacrifice / |c S.M. Stirling. |
| 264 | 1 | |a New York, New York : |b Roc, |c [2013] | |
| 264 | 1 | |c ©2013. | |
| 300 | |a viii, 369 pages : |b map ; |c 24 cm | ||
| 336 | |a text |b txt |2 rdacontent | ||
| 336 | |a cartographic image |b cri |2 rdacontent | ||
| 337 | |a unmediated |b n |2 rdamedia | ||
| 338 | |a volume |b nc |2 rdacarrier | ||
| 490 | 1 | |a Novel of the Change | |
| 520 | |a Rudi Mackenzie has won the battle that expelled the enemy from the new High Kingdom of Montival. Now he must free the people who live in the state once known as Idaho from occupation by the legions of the Church Universal and Triumphant and pursue them to their lair over the mountains. There he will finally confront the forces behind the Church, The Powers of the Void. Yet even a victory will not end the conflict forever. The Powers of the Void are malevolent and infinitely patient, and the struggle is one that involves the entire world. They threaten Rudi not only in the present, but also in the future represented by his children, Orlaith and John. Rudi knows this. And as his heir Princess Orlaith grows up in the shadow of her famous father, she also realizes that the enemy will do anything to see that she does not live to fulfill her parents' dream.... | ||
| 650 | 0 | |a Dystopias |v Fiction. | |
| 650 | 0 | |a Regression (Civilization) |v Fiction. | |
| 655 | 7 | |a Alternative histories (Fiction) |2 gsafd | |
| 655 | 7 | |a Dystopias. |2 gsafd | |
| 655 | 7 | |a Science fiction. |2 gsafd | |
| 800 | 1 | |a Stirling, S. M. |t Novels of the Change. | |
| 948 | |a cataloged |b h |c 2013/9/19 |d c |e ceaton |f 1:21:12 pm | ||
| 994 | |a C0 |b TXA | ||
| 999 | |a MARS | ||
| 999 | f | f | |s a105f20c-3a81-375b-9508-261172feb9c2 |i 52f301cd-d25f-324f-ad91-14bf30e2817c |t 0 |
| 952 | f | f | |p normal |a Texas A&M University |b College Station |c Sterling C. Evans Library |s Evans stk |d Evans: Library Stacks |t 0 |e PS3569.T543 G58 2013 |h Library of Congress classification |i unmediated -- volume |m A14842068851 |
| 998 | f | f | |a PS3569.T543 G58 2013 |t 0 |l Evans: Library Stacks |